JAWS Character Quiz - Statistics

General Stats
  • This quiz has been taken 189 times
    30 since last reset
  • The average score is 7 of 12
Answer Stats
Hint Answer % Correct
Amity Chief of Police Martin Brody
92%
Employee of Oceanographic Institute Matt Hooper
81%
Captain of The Orca Sam Quint
77%
Chief's oldest son Michael
73%
Boy killed on inflatable raft Alex Kitner
65%
First Shark Victim Chrissie Watkins
65%
Not officially in the movie, what was the Crew's name for the shark? Bruce
58%
Victim found dead in his submerged boat Ben Gardner
54%
Chief's Wife Ellen
54%
Amity Mayor Larry Vaughn
35%
Obnoxious local reporter Harry Meadows
8%
Black Lab killed by shark Pipit
8%
No matching quizzes found
Score Distribution
Percent of People with Each Score
Percentile by Number Answered
Your Score History
You have not taken this quiz since the last reset